Sweets and Chocolates - Statistics

General Stats
  • This quiz has been taken 1,172 times
  • The average score is 10 of 22
Answer Stats
Hint Answer % Correct
Road to the milkman's Milky Way
80%
Tall Bus Double Decker
70%
Solar System is in the Galaxy
65%
Roman God of War Mars
65%
Fasteners for Clothes Buttons
58%
Birthday, Christmas, New Year Celebrations
55%
Speak Quietly Wispa
55%
Flowers for your Lover Roses
53%
9pm After 8
51%
Clever People Smarties
51%
Wobbly Infants Jelly Babies
50%
Sport for Royals Polo
46%
Spin Around Twirl
45%
Outside Meal Picnic
41%
Istanbul Harem Turkish Delight
41%
Bowling Pins Skittles
39%
King of the Jungle's Watering Hole Lion Bar
34%
Toothless Alcohol Wine Gums
26%
Road of Pure Class Quality Street
17%
Dating Websites Matchmakers
9%
Six Sided Coke Cola Cubes
6%
Twins Falling Pear Drops
5%
No matching quizzes found
Score Distribution
Percent of People with Each Score
Percentile by Number Answered
Your Score History
You have not taken this quiz